000 00479nam a2200181Ia 4500
001 9604
005 20260306161730.0
008 260306t2014||||xx |||||||||||||| ||spa||
041 _aESP
082 _a382.6
_bM61
100 _aMinervini, Nicola
_eAUT
245 0 _aIngeniería de la exportación:
_bcómo elaborar planes innovadores de exportación
260 _c2014
300 _axix, 346 páginas :
_c23 cm.
650 _aGEN
654 _aCAN
942 _cLIB
_dJUS
_fJUS
_2ddc
_n
999 _c9604
_d9604